Ferginia Countries (Map) - Statistics

General Stats
  • This quiz has been taken 5 times
    2 since last reset
  • The average score is 56 of 81
Answers on the Map
Answers color-coded by a green-red scale on the quiz's map according to % correct below.
 
Answer Stats
Country % Correct
Amtro
100%
Awhad
100%
Awhad
100%
Cuziria
100%
Cuziria
100%
Empire of Zara
100%
Empire of Zara
100%
Eufora
100%
Eufora
100%
Eufora
100%
Eufora
100%
Eufora
100%
Eufora
100%
Eufora
100%
Eufora
100%
Falenia
100%
Falenia
100%
Ferga
100%
Gendia
100%
Gendia
100%
Gendia
100%
Gendia
100%
Gendia
100%
Gendia
100%
Gendia
100%
Gendia
100%
Gendia
100%
Gera
100%
Goldenia
100%
Goldenia
100%
Harlanda
100%
Mohiban
100%
Rema
100%
Saintonia
100%
Sentinelia
100%
Sentinelia
100%
Sentinelia
100%
Sentinelia
100%
Sentinelia
100%
Sentinelia
100%
Sentinelia
100%
Sentinelia
100%
Utopia
100%
Uzim
100%
Uzim
100%
Aranu Isles
50%
Aranu Isles
50%
Aranu Isles
50%
Griffania
50%
Hasan
50%
Hochland
50%
Hochland
50%
North Marilla
50%
North Marilla
50%
North Marilla
50%
North Marilla
50%
North Marilla
50%
North Marilla
50%
North Marilla
50%
Pala
50%
Pala
50%
South Marilla
50%
South Marilla
50%
South Marilla
50%
South Marilla
50%
South Marilla
50%
Aranu Islands
0%
Aranu Islands
0%
Aranu Islands
0%
Aranu Islands
0%
Aranu Islands
0%
Aranu Islands
0%
Caranu Islands
0%
Caranu Islands
0%
Caranu Islands
0%
Caranu Islands
0%
Caranu Islands
0%
Caranu Islands
0%
Caranu Islands
0%
Caranu Islands
0%
Eufora Protccrocine
0%
No matching quizzes found
Score Distribution
Percent of People with Each Score
Percentile by Number Answered
Your Score History
You have not taken this quiz since the last reset